Aktuálne trendy retail bankingu vo vybraných krajinách Európskej únie a ich porovnanie so situáciou v Slovenskej republike
Teoretické aspekty retail bankingu. Analýza systému retailového bankovníctva. Ciele, nástroje, motívy a techniky v oblasti retail bankingu. Definovanie aktuálnych trendov rozvoja retailového bankovníctva vo vybraných krajinách EÚ a porovnanie týchto trendov s aktuálnou situáciou na Slovensku.
Gespeichert in:
| 1. Verfasser: | |
|---|---|
| Format: | Buchkapitel |
| Sprache: | Slowakisch |
| Schlagworte: | |
| Tags: |
Keine Tags, Fügen Sie das erste Tag hinzu!
|
MARC
| LEADER | 00000naa$a2200000$$$4500 | ||
|---|---|---|---|
| 001 | 0036948 | ||
| 005 | 20240502112315.2 | ||
| 041 | 0 | |a slo | |
| 044 | |a SK | ||
| 245 | 1 | 0 | |a Aktuálne trendy retail bankingu vo vybraných krajinách Európskej únie a ich porovnanie so situáciou v Slovenskej republike |c Jaroslav Belás |
| 520 | |a Teoretické aspekty retail bankingu. Analýza systému retailového bankovníctva. Ciele, nástroje, motívy a techniky v oblasti retail bankingu. Definovanie aktuálnych trendov rozvoja retailového bankovníctva vo vybraných krajinách EÚ a porovnanie týchto trendov s aktuálnou situáciou na Slovensku. | ||
| 610 | 2 | 0 | |a bankovníctvo retailové |
| 610 | 2 | 0 | |a služby bankové |
| 610 | 2 | 0 | |a pojmy |
| 610 | 2 | 0 | |a Slovensko |
| 610 | 2 | 0 | |a Európska únia |
| 610 | 2 | 0 | |a banky obchodné |
| 610 | 2 | 0 | |a podnikanie malé |
| 610 | 2 | 0 | |a podnikanie stredné |
| 610 | 2 | 0 | |a prostredie podnikateľské |
| 610 | 2 | 0 | |a trh finančný |
| 100 | 1 | |a Belás, Jaroslav | |